Occupiers and their use of accommodation on science parks and high technology development (Record no. 6763)
[ view plain ]
| 000 -LEADER | |
|---|---|
| fixed length control field | 01199cab a2200217 4500 |
| 001 - CONTROL NUMBER | |
| control field | ABS38446 |
| 008 - FIXED-LENGTH DATA ELEMENTS--GENERAL INFORMATION | |
| fixed length control field | 090401t1987 xxu||||| |||| 00| 0 eng d |
| 035 ## - SYSTEM CONTROL NUMBER | |
| System control number | (Sirsi) u10666 |
| 041 ## - LANGUAGE CODE | |
| Language code of text/sound track or separate title | eng |
| 100 ## - MAIN ENTRY--PERSONAL NAME | |
| Personal name | Henneberry, John M. |
| 245 ## - TITLE STATEMENT | |
| Title | Occupiers and their use of accommodation on science parks and high technology development |
| 260 ## - PUBLICATION, DISTRIBUTION, ETC. | |
| Date of publication, distribution, etc. | 1987 |
| 350 ## - PRICE (NR) (BK AM CF MU VM SE) [OBSOLETE] | |
| Price | 0 |
| 490 ## - SERIES STATEMENT | |
| Series statement | Land Development Studies |
| Volume/sequential designation | 4(2) May 1987, 109-144(36) |
| 520 ## - SUMMARY, ETC. | |
| Summary, etc. | It has been argued that economic restructuring and changes in companies` behaviour are giving rise to new types of industrial accommodation. The paper examines first the theoretical assumptions on which this view has been based before going on to present the results of a survey of 83 science parks and high tech development s and their occupiers, concentrating particularly on the characteristics of the occupiers. Finally, the theoretical perspectives are combined with the empirical evidence and the implications for the use of industrial accommodation are considered. Tables. References. |
| 650 ## - SUBJECT ADDED ENTRY--TOPICAL TERM | |
| Topical term or geographic name entry element | INDUSTRIAL DEVELOPMENT |
| 650 ## - SUBJECT ADDED ENTRY--TOPICAL TERM | |
| Topical term or geographic name entry element | TENANTS REQUIREMENTS |
| 690 ## - LOCAL SUBJECT ADDED ENTRY--TOPICAL TERM (OCLC, RLIN) | |
| Topical term or geographic name as entry element | PLANNING LAW AND PRACTICE |
| 942 ## - ADDED ENTRY ELEMENTS (KOHA) | |
| Suppress in OPAC | 0 |
| 948 ## - LOCAL PROCESSING INFORMATION (OCLC); SERIES PART DESIGNATOR (RLIN) | |
| c (OCLC) | 04/03/1997 |
| Withdrawn status | Lost status | Source of classification or shelving scheme | Damaged status | Not for loan | Home library | Current library | Shelving location | Date acquired | Total Checkouts | Full call number | Barcode | Date last seen | Copy number | Price effective from | Koha item type |
|---|---|---|---|---|---|---|---|---|---|---|---|---|---|---|---|
| Dewey Decimal Classification | London | London | Journal article | 14/09/1999 | ABS38446 | 10666-1001 | 06/08/2019 | 1 | 06/08/2019 | Journal article |